LEADER 00958cam2 22002771 450 001 SOBE00081554 005 20241128144229.0 100 $a20241128d1968 |||||ita|0103 ba 101 $aeng 102 $aGB 200 0 $a1$fby Alfred North Whitehead and Bertrand Russell 205 $a2. ed. 210 $aCambridge$cCambridge University Press$d1968 215 $aXLVI, 674 p.$d25 cm 461 1$1001E600200050263$12001 $aPrincipia Mathematica / by Alfred North Whitehead and Bertrand Russell 700 1$aWhitehead$b, Alfred North$3A600200044603$4070$019341 702 1$aRussell, Bertrand <1872-1970>$3A600200029361$4070 801 0$aIT$bUNISOB$c20241128$gRICA 850 $aUNISOB 852 $aUNISOB$j100$m16602 912 $aSOBE00081554 940 $aM 102 Monografia moderna SBN 941 $aW 957 $a100$b002106$i-1$gSI$d16602$1rovito$2UNISOB$3UNISOB$420241128144151.0$520241128144229.0$6rovito 996 $a1$94292321 997 $aUNISOB